000 00672nam a2200217 a 4500
001 7756
003 CO-ViMGA
008 141112s2004 ck r 000 u spa d
040 _aCO-ViMGA
_bspa
_cCO-ViMGA
082 0 4 _a338.1 R37
100 1 _aNovoa, Andres Ricardo
_97262
245 1 0 _aRetos y posibilidades del sector agropecuario en el siglo XXI
260 _aBogotá,
_cProcadi,
_c1995
300 _axxxvi, 257 p, 23 cm
590 _aEjemplares : 2
650 1 4 _aAgricultura - aspectos economicos
_97263
650 1 4 _aDesarrollo agricola - siglo XXI
_97264
650 1 4 _aInvestigación agricola - siglo XXI
_97265
650 1 4 _aPobreza rural
_97266
942 _2ddc
_cBK
999 _c19670
_d19670